000 01334cam a22002054a 4500
005 20250605164105.0
008 250528s ||||||||||||||||||||||||d
035 _a17694
020 _a9781118586662
040 _aGR-AtMCL
_bgre
_dGR-AtMCL
_eAACR2
245 1 _aThe Wiley-Blackwell Handbook of Childhood Cognitive Development / Second Edition
250 _a2nd
260 _bWiley Blackwell,
_c2014
300 _a802
520 _aAn invaluable resource on the latest research and theories that shape our understanding of the crucial cognitive development of a child, from infancy to the onset of adolescence. Acknowledgements, Introduction, Infancy: The Origins of Cognitive Development, Social Cognition and Social Motivations in Infancy, Born to Categorize, Early Memory Development, Cognitive Development in Early Childhood, Language Development, Developing a Theory of Mind, Pretend Play and Cognitive Development, Topics in Cognitive Development in Childhood, Casual Reasoning and Explanation, The Development of Moral Reasoning, Children's Intuitive Physics, Reading Development and Dyslexia, Theories of Cognitive Development, Piaget's Theory: Past and Present and Future, Vygotsky and Psychology, Neuro Constructivism, Index.
700 1 _aGoswami Usha
_92804
942 _cBK
999 _c3096
_d3096